000 00632nam a2200217Ia 4500
008 140321s9999 xx 000 0 und d
020 _a9789810696283
050 _aQP 360
_b.P463 2011
100 _aPinel, John P. J.
245 _aBiopsychology /
_cJohn P. J. Pinel.
250 _a8th ed.
260 _aBoston :
_bAllyn & Bacon,
_cc2011.
300 _a584 p. :
_bill. ;
_c29 cm.
500 _aIncludes bibliographical references and indexes.
521 _aPSYCH
650 _aBehavior
_xPhysiopathology.
650 _aPsychology
_xTextbooks.
650 _aPsycholphysiology
_xMethods.
942 _kFOR
_cBK
999 _c48177
_d48177